Sports Quiz

Random Sports or Soccer Quiz

Fifa World Footballer of the Year/Ballon D'Or minefield Quiz Stats

 Plays Quiz not verified by Sporcle

Challenge
Share
Tweet
Embed
Score 0/14 Timer 05:00
0 Plays Today
% Correct
???
67.5%
???
61.5%
???
60.6%
???
60.3%
???
60.2%
???
54.8%
???
47.4%
% Correct
???
46.6%
???
38.4%
???
37.7%
???
37.4%
???
32.3%
???
30.8%
???
28.3%

You're not logged in!

Compare scores with friends on all Sporcle quizzes.
OR
Log In

You Might Also Like...

Show Comments

Extras

Top Quizzes Today


Score Distribution

Your Account Isn't Verified!

In order to create a playlist on Sporcle, you need to verify the email address you used during registration. Go to your Sporcle Settings to finish the process.

Report this User

Report this user for behavior that violates our Community Guidelines.

Details: